[Event "World Youth & Cadets Rapid Championships"]
[Site "Rhodes, Greece"]
[Date "2022.05.01"]
[Round "4.16"]
[White "Korelskiy, Egor"]
[Black "Bogdanov, Artyom"]
[Result "1/2-1/2"]
[TimeControl "10'/game & 5\"/move"]
[WhiteElo "1822"]
[BlackElo "1450"]

1. e4 {[%clk 00:10:07]} {[%emt 00:00:03]} c6 {[%clk 00:10:09]} {[%emt
00:00:01]} 2. Nc3 {[%clk 00:10:10]} {[%emt 00:00:02]} d5 {[%clk 00:10:13]}
{[%emt 00:00:01]} 3. Nf3 {[%clk 00:10:13]} {[%emt 00:00:02]} Bg4 {[%clk
00:10:17]} {[%emt 00:00:01]} 4. h3 {[%clk 00:10:17]} {[%emt 00:00:02]} Bxf3
{[%clk 00:10:19]} {[%emt 00:00:02]} 5. Qxf3 {[%clk 00:10:21]} {[%emt 00:00:02]}
Nf6 {[%clk 00:10:23]} {[%emt 00:00:01]} 6. d3 {[%clk 00:10:24]} {[%emt
00:00:02]} e6 {[%clk 00:10:23]} {[%emt 00:00:05]} 7. Bd2 {[%clk 00:10:27]}
{[%emt 00:00:02]} Nbd7 {[%clk 00:10:26]} {[%emt 00:00:02]} 8. O-O-O {[%clk
00:10:24]} {[%emt 00:00:07]} Bd6 {[%clk 00:10:18]} {[%emt 00:00:13]} 9. g3
{[%clk 00:10:24]} {[%emt 00:00:05]} Qc7 {[%clk 00:09:48]} {[%emt 00:00:36]} 10.
Qg2 {[%clk 00:10:19]} {[%emt 00:00:10]} O-O-O {[%clk 00:09:29]} {[%emt
00:00:23]} 11. f4 {[%clk 00:10:20]} {[%emt 00:00:04]} dxe4 {[%clk 00:09:20]}
{[%emt 00:00:15]} 12. dxe4 {[%clk 00:10:22]} {[%emt 00:00:03]} e5 {[%clk
00:09:21]} {[%emt 00:00:04]} 13. f5 {[%clk 00:10:23]} {[%emt 00:00:03]} Bb4
{[%clk 00:08:40]} {[%emt 00:00:47]} 14. g4 {[%clk 00:09:25]} {[%emt 00:01:03]}
Nc5 {[%clk 00:08:03]} {[%emt 00:00:43]} 15. Re1 {[%clk 00:09:26]} {[%emt
00:00:03]} Qd6 {[%clk 00:06:03]} {[%emt 00:02:05]} 16. Bc4 {[%clk 00:09:06]}
{[%emt 00:00:25]} Qe7 {[%clk 00:04:45]} {[%emt 00:01:23]} 17. g5 {[%clk
00:08:24]} {[%emt 00:00:47]} Nfd7 {[%clk 00:04:48]} {[%emt 00:00:01]} 18. a3
{[%clk 00:08:21]} {[%emt 00:00:09]} Bxc3 {[%clk 00:04:35]} {[%emt 00:00:18]} 19.
Bxc3 {[%clk 00:08:24]} {[%emt 00:00:01]} Nb6 {[%clk 00:04:29]} {[%emt
00:00:12]} 20. Ba2 {[%clk 00:08:05]} {[%emt 00:00:23]} Qc7 {[%clk 00:02:53]}
{[%emt 00:01:42]} 21. g6 {[%clk 00:06:55]} {[%emt 00:01:14]} hxg6 {[%clk
00:02:41]} {[%emt 00:00:18]} 22. fxg6 {[%clk 00:06:57]} {[%emt 00:00:03]} f6
{[%clk 00:02:30]} {[%emt 00:00:16]} 23. Rd1 {[%clk 00:06:49]} {[%emt 00:00:13]}
Nba4 {[%clk 00:01:37]} {[%emt 00:00:59]} 24. Bd2 {[%clk 00:06:28]} {[%emt
00:00:26]} Kb8 {[%clk 00:00:56]} {[%emt 00:00:46]} 25. Be3 {[%clk 00:06:10]}
{[%emt 00:00:22]} Qb6 {[%clk 00:00:24]} {[%emt 00:00:37]} 26. c3 {[%clk
00:05:05]} {[%emt 00:01:10]} Nb3+ {[%clk 00:00:17]} {[%emt 00:00:12]} 27. Bxb3
{[%clk 00:05:05]} {[%emt 00:00:05]} Qxe3+ {[%clk 00:00:21]} {[%emt 00:00:02]}
28. Kb1 {[%clk 00:05:03]} {[%emt 00:00:06]} Nc5 {[%clk 00:00:25]} {[%emt
00:00:01]} 29. Bc2 {[%clk 00:05:07]} {[%emt 00:00:02]} Ne6 {[%clk 00:00:29]} 30.
Rhe1 {[%clk 00:04:41]} {[%emt 00:00:30]} Qh6 {[%clk 00:00:33]} {[%emt
00:00:01]} 31. Qg4 {[%clk 00:04:36]} {[%emt 00:00:10]} Nf4 {[%clk 00:00:34]}
{[%emt 00:00:04]} 32. Rd7 {[%clk 00:04:20]} {[%emt 00:00:20]} Rxd7 {[%clk
00:00:24]} {[%emt 00:00:16]} 33. Qxd7 {[%clk 00:04:22]} {[%emt 00:00:04]} Qxg6
{[%clk 00:00:28]} 34. Rd1 {[%clk 00:04:21]} {[%emt 00:00:06]} a6 {[%clk
00:00:31]} {[%emt 00:00:01]} 35. Qe7 {[%clk 00:03:57]} {[%emt 00:00:28]} Re8
{[%clk 00:00:25]} {[%emt 00:00:12]} 36. Qd6+ {[%clk 00:03:53]} {[%emt
00:00:10]} Ka8 {[%clk 00:00:29]} {[%emt 00:00:01]} 37. Qc7 {[%clk 00:03:38]}
{[%emt 00:00:19]} Ne6 {[%clk 00:00:27]} {[%emt 00:00:07]} 38. Qb6 {[%clk
00:03:19]} {[%emt 00:00:24]} Qf7 {[%clk 00:00:22]} {[%emt 00:00:10]} 39. Bb3
{[%clk 00:03:22]} Qe7 {[%clk 00:00:26]} {[%emt 00:00:01]} 40. Bxe6 {[%clk
00:01:55]} {[%emt 00:01:32]} Qxe6 {[%clk 00:00:30]} {[%emt 00:00:02]} 41. Qc7
{[%clk 00:01:57]} {[%emt 00:00:03]} g5 {[%clk 00:00:13]} {[%emt 00:00:22]} 42.
Rd6 {[%clk 00:01:36]} {[%emt 00:00:26]} Qxh3 {[%clk 00:00:13]} {[%emt
00:00:05]} 43. Rxc6 {[%emt 00:00:25]} bxc6 {[%emt 00:00:01]} 44. Qxc6+ {[%clk
00:01:31]} Ka7 {[%clk 00:00:10]} {[%emt 00:00:01]} 45. Qc7+ {[%clk 00:01:34]}
{[%emt 00:00:02]} Ka8 46. Qc6+ {[%clk 00:01:38]} Ka7 {[%clk 00:00:19]} 47. Qc7+
{[%clk 00:01:42]} {[%emt 00:00:01]} Ka8 {[%clk 00:00:16]} {[%emt 00:00:08]} 48.
Qc6+ {[%clk 00:01:46]} {[%emt 00:00:01]} Ka7 {[%clk 00:00:16]} {[%emt
00:00:06]} 49. Qc7+ {[%clk 00:01:50]} {[%emt 00:00:01]} 1/2-1/2

[Event "World Youth & Cadets Rapid Championships"]
[Site "Rhodes, Greece"]
[Date "2022.05.01"]
[Round "4.17"]
[White "Ochedzan, Filip"]
[Black "Yu, Rock"]
[Result "1-0"]
[TimeControl "10'/game & 5\"/move"]
[WhiteElo "1407"]
[BlackElo "1426"]

1. e4 {[%clk 00:10:08]} {[%emt 00:00:01]} Nf6 {[%clk 00:10:09]} {[%emt
00:00:02]} 2. Nc3 {[%clk 00:10:07]} {[%emt 00:00:05]} d5 {[%clk 00:10:13]} 3.
e5 {[%clk 00:10:04]} {[%emt 00:00:08]} Nfd7 {[%clk 00:10:16]} {[%emt 00:00:01]}
4. d4 {[%clk 00:10:06]} {[%emt 00:00:03]} e6 {[%clk 00:10:20]} {[%emt
00:00:02]} 5. a3 {[%clk 00:10:08]} {[%emt 00:00:03]} c5 {[%clk 00:10:24]}
{[%emt 00:00:02]} 6. Be3 {[%clk 00:09:58]} {[%emt 00:00:14]} Nc6 {[%clk
00:10:26]} {[%emt 00:00:03]} 7. f4 {[%clk 00:09:57]} {[%emt 00:00:06]} cxd4
{[%clk 00:10:11]} {[%emt 00:00:19]} 8. Bxd4 {[%clk 00:10:01]} {[%emt 00:00:02]}
Nxd4 {[%clk 00:10:14]} {[%emt 00:00:01]} 9. Qxd4 {[%clk 00:10:05]} {[%emt
00:00:02]} Bc5 {[%clk 00:10:18]} {[%emt 00:00:02]} 10. Qd2 {[%clk 00:09:09]}
{[%emt 00:01:00]} a6 {[%clk 00:09:43]} {[%emt 00:00:41]} 11. Nf3 {[%clk
00:09:09]} {[%emt 00:00:04]} b5 {[%clk 00:09:40]} {[%emt 00:00:08]} 12. b4
{[%clk 00:09:04]} {[%emt 00:00:10]} Ba7 {[%clk 00:09:41]} {[%emt 00:00:04]} 13.
Nd4 {[%clk 00:09:07]} {[%emt 00:00:02]} Nxe5 {[%clk 00:09:13]} {[%emt
00:00:33]} 14. Ndxb5 {[%clk 00:07:27]} {[%emt 00:01:45]} axb5 {[%clk 00:08:11]}
{[%emt 00:01:07]} 15. fxe5 {[%clk 00:07:26]} {[%emt 00:00:06]} Qh4+ {[%clk
00:08:02]} {[%emt 00:00:14]} 16. g3 {[%clk 00:07:13]} {[%emt 00:00:18]} Qd4
{[%clk 00:07:59]} {[%emt 00:00:08]} 17. Qxd4 {[%clk 00:06:41]} {[%emt
00:00:38]} Bxd4 {[%clk 00:07:59]} {[%emt 00:00:03]} 18. Bxb5+ {[%clk 00:05:34]}
{[%emt 00:01:13]} Bd7 {[%clk 00:07:49]} {[%emt 00:00:16]} 19. Bxd7+ {[%clk
00:04:38]} {[%emt 00:01:01]} Kxd7 {[%clk 00:07:52]} {[%emt 00:00:01]} 20. Kd2
{[%clk 00:04:36]} {[%emt 00:00:08]} Rhc8 {[%clk 00:07:44]} {[%emt 00:00:13]} 21.
Nb5 {[%clk 00:04:00]} {[%emt 00:00:41]} Bxa1 {[%clk 00:07:46]} {[%emt
00:00:02]} 22. Rxa1 {[%clk 00:04:00]} {[%emt 00:00:05]} Rc4 {[%clk 00:07:43]}
{[%emt 00:00:07]} 23. Nd6 {[%clk 00:03:38]} {[%emt 00:00:29]} Rxb4 {[%clk
00:07:32]} {[%emt 00:00:16]} 24. Nxf7 {[%clk 00:03:21]} {[%emt 00:00:22]} Re4
{[%clk 00:07:31]} {[%emt 00:00:05]} 25. Rb1 {[%clk 00:03:06]} {[%emt 00:00:20]}
Ra7 {[%emt 00:00:21]} 26. Rb3 {[%clk 00:03:00]} Ke7 {[%clk 00:07:29]} {[%emt
00:00:03]} 27. Nd6 {[%clk 00:03:03]} {[%emt 00:00:01]} Rxe5 {[%clk 00:07:32]}
{[%emt 00:00:02]} 28. Nc8+ {[%emt 00:00:20]} Kd7 {[%clk 00:07:16]} {[%emt
00:00:02]} 29. Nxa7 {[%clk 00:03:09]} {[%emt 00:00:03]} Kc7 {[%clk 00:07:13]}
{[%emt 00:00:08]} 30. a4 {[%clk 00:03:06]} {[%emt 00:00:08]} Re4 {[%clk
00:07:15]} {[%emt 00:00:03]} 31. Nb5+ {[%clk 00:02:54]} {[%emt 00:00:16]} Kc6
{[%clk 00:07:18]} {[%emt 00:00:03]} 32. Nc3 {[%clk 00:02:50]} {[%emt 00:00:10]}
Rd4+ {[%clk 00:07:16]} {[%emt 00:00:06]} 33. Ke3 {[%clk 00:02:47]} {[%emt
00:00:08]} Rc4 {[%clk 00:07:20]} {[%emt 00:00:02]} 34. Kd3 {[%clk 00:02:10]}
{[%emt 00:00:41]} e5 {[%clk 00:07:19]} {[%emt 00:00:06]} 35. Ra3 {[%clk
00:01:44]} {[%emt 00:00:32]} e4+ {[%clk 00:07:15]} {[%emt 00:00:09]} 36. Kd2
{[%clk 00:01:39]} {[%emt 00:00:10]} Kc5 {[%clk 00:07:09]} {[%emt 00:00:10]} 37.
Ne2 {[%clk 00:01:14]} {[%emt 00:00:30]} d4 {[%clk 00:06:59]} {[%emt 00:00:16]}
38. a5 {[%clk 00:00:58]} {[%emt 00:00:21]} Kb4 {[%clk 00:06:51]} {[%emt
00:00:11]} 39. Ra1 {[%clk 00:00:37]} {[%emt 00:00:27]} g5 {[%clk 00:06:04]}
{[%emt 00:00:53]} 40. a6 {[%clk 00:00:32]} {[%emt 00:00:09]} Rc8 {[%clk
00:06:04]} {[%emt 00:00:05]} 41. a7 {[%clk 00:00:28]} {[%emt 00:00:10]} Ra8
{[%clk 00:06:08]} 42. Nxd4 {[%clk 00:00:30]} {[%emt 00:00:03]} h5 {[%clk
00:06:09]} {[%emt 00:00:03]} 43. c3+ {[%clk 00:00:20]} {[%emt 00:00:15]} Kc4
{[%clk 00:06:11]} {[%emt 00:00:04]} 44. Ne6 {[%clk 00:00:23]} {[%emt 00:00:02]}
h4 {[%clk 00:06:12]} {[%emt 00:00:03]} 45. gxh4 {[%clk 00:00:25]} {[%emt
00:00:03]} gxh4 {[%clk 00:06:16]} {[%emt 00:00:02]} 46. Nc7 {[%clk 00:00:21]}
{[%emt 00:00:09]} 1-0

[Event "World Youth & Cadets Rapid Championships"]
[Site "Rhodes, Greece"]
[Date "2022.05.01"]
[Round "4.18"]
[White "Shevchenko, Yaroslav"]
[Black "Tadic, Jure"]
[Result "1/2-1/2"]
[TimeControl "10'/game & 5\"/move"]
[WhiteElo "1827"]
[BlackElo "1453"]

1. d4 {[%clk 00:10:07]} {[%emt 00:00:02]} Nf6 {[%clk 00:10:08]} {[%emt
00:00:02]} 2. c4 {[%clk 00:10:10]} {[%emt 00:00:02]} Nc6 {[%clk 00:10:10]}
{[%emt 00:00:04]} 3. Nf3 {[%clk 00:10:05]} {[%emt 00:00:09]} e6 {[%clk
00:10:12]} {[%emt 00:00:02]} 4. Nc3 {[%clk 00:10:05]} {[%emt 00:00:05]} Bb4
{[%clk 00:10:14]} {[%emt 00:00:03]} 5. Qc2 {[%clk 00:09:49]} {[%emt 00:00:21]}
d6 {[%clk 00:10:01]} {[%emt 00:00:18]} 6. a3 {[%clk 00:08:38]} {[%emt
00:01:17]} Bxc3+ {[%clk 00:09:59]} {[%emt 00:00:07]} 7. bxc3 {[%clk 00:08:40]}
{[%emt 00:00:02]} O-O {[%clk 00:09:31]} {[%emt 00:00:33]} 8. Bg5 {[%clk
00:08:34]} {[%emt 00:00:11]} Qe7 {[%clk 00:09:10]} {[%emt 00:00:27]} 9. e3
{[%clk 00:08:13]} {[%emt 00:00:26]} e5 {[%clk 00:08:53]} {[%emt 00:00:21]} 10.
Be2 {[%clk 00:08:08]} {[%emt 00:00:10]} Bg4 {[%clk 00:07:32]} {[%emt 00:01:26]}
11. O-O {[%clk 00:07:48]} {[%emt 00:00:25]} Bh5 {[%clk 00:07:12]} {[%emt
00:00:26]} 12. Nxe5 {[%clk 00:06:55]} {[%emt 00:00:58]} Nxe5 {[%clk 00:05:45]}
{[%emt 00:01:32]} 13. Bxh5 {[%clk 00:05:35]} {[%emt 00:01:24]} Nxc4 {[%clk
00:05:39]} {[%emt 00:00:12]} 14. Be2 {[%clk 00:05:36]} {[%emt 00:00:04]} Nb6
{[%clk 00:05:26]} {[%emt 00:00:18]} 15. Qf5 {[%clk 00:05:02]} {[%emt 00:00:38]}
Qe4 {[%clk 00:04:15]} {[%emt 00:01:17]} 16. Bd3 {[%clk 00:04:28]} {[%emt
00:00:39]} Qxf5 {[%clk 00:04:16]} {[%emt 00:00:04]} 17. Bxf5 {[%clk 00:04:31]}
{[%emt 00:00:02]} Nbd7 {[%clk 00:04:06]} {[%emt 00:00:15]} 18. Rfb1 {[%clk
00:04:11]} {[%emt 00:00:25]} b6 {[%clk 00:03:28]} {[%emt 00:00:43]} 19. a4
{[%clk 00:04:12]} {[%emt 00:00:04]} a5 {[%clk 00:03:31]} {[%emt 00:00:03]} 20.
c4 {[%clk 00:04:01]} {[%emt 00:00:15]} h6 {[%clk 00:03:08]} {[%emt 00:00:28]}
21. Bxf6 {[%clk 00:03:54]} {[%emt 00:00:12]} Nxf6 {[%clk 00:03:11]} {[%emt
00:00:02]} 22. c5 {[%clk 00:03:56]} {[%emt 00:00:03]} g6 {[%clk 00:02:23]}
{[%emt 00:00:54]} 23. Bc2 {[%clk 00:03:20]} {[%emt 00:00:39]} dxc5 {[%clk
00:01:58]} {[%emt 00:00:31]} 24. dxc5 {[%clk 00:03:24]} {[%emt 00:00:01]} bxc5
{[%clk 00:01:59]} {[%emt 00:00:04]} 25. Rb5 {[%clk 00:03:25]} {[%emt 00:00:04]}
Nd7 {[%clk 00:01:54]} {[%emt 00:00:09]} 26. Be4 {[%clk 00:03:17]} {[%emt
00:00:13]} Ra6 {[%clk 00:01:26]} {[%emt 00:00:34]} 27. Rd1 {[%clk 00:03:13]}
{[%emt 00:00:09]} Rd6 {[%clk 00:01:13]} {[%emt 00:00:18]} 28. Rxd6 {[%clk
00:02:39]} {[%emt 00:00:39]} cxd6 {[%clk 00:01:17]} {[%emt 00:00:01]} 29. Bc6
{[%clk 00:02:38]} {[%emt 00:00:06]} Ne5 {[%clk 00:01:03]} {[%emt 00:00:18]} 30.
Bd5 {[%clk 00:02:36]} {[%emt 00:00:07]} c4 {[%clk 00:00:49]} {[%emt 00:00:20]}
31. f4 {[%emt 00:00:09]} c3 {[%clk 00:00:35]} {[%emt 00:00:17]} 32. Rb3 {[%clk
00:02:31]} {[%emt 00:00:06]} Rc8 {[%clk 00:00:18]} {[%emt 00:00:24]} 33. Be4
{[%clk 00:02:18]} {[%emt 00:00:18]} c2 {[%clk 00:00:16]} {[%emt 00:00:07]} 34.
Bxc2 {[%clk 00:02:21]} {[%emt 00:00:02]} Rxc2 {[%clk 00:00:20]} {[%emt
00:00:01]} 35. fxe5 {[%clk 00:02:24]} {[%emt 00:00:01]} dxe5 {[%clk 00:00:23]}
{[%emt 00:00:02]} 36. Rb5 {[%clk 00:02:23]} {[%emt 00:00:06]} e4 {[%clk
00:00:18]} {[%emt 00:00:11]} 37. Rxa5 {[%clk 00:02:21]} {[%emt 00:00:07]} Re2
{[%clk 00:00:22]} {[%emt 00:00:01]} 38. Re5 {[%clk 00:02:13]} {[%emt 00:00:13]}
Rxe3 {[%clk 00:00:22]} {[%emt 00:00:05]} 39. Kf2 {[%clk 00:02:16]} {[%emt
00:00:01]} Ra3 {[%clk 00:00:20]} {[%emt 00:00:08]} 40. Rxe4 {[%clk 00:02:20]}
f5 {[%clk 00:00:16]} {[%emt 00:00:10]} 41. Rb4 {[%clk 00:02:22]} {[%emt
00:00:02]} Kf7 {[%clk 00:00:10]} {[%emt 00:00:14]} 42. h4 g5 {[%emt 00:00:10]}
43. h5 {[%clk 00:02:20]} {[%emt 00:00:03]} f4 {[%emt 00:00:35]} 44. Ke2 {[%emt
00:00:06]} Kg7 {[%clk 00:00:10]} {[%emt 00:00:03]} 45. Rb7+ {[%clk 00:01:43]}
{[%emt 00:00:14]} Kf6 {[%clk 00:00:11]} {[%emt 00:00:04]} 46. Rb6+ {[%clk
00:01:46]} {[%emt 00:00:02]} Kg7 {[%emt 00:00:02]} 47. Rg6+ {[%clk 00:01:31]}
{[%emt 00:00:20]} Kf7 {[%clk 00:00:12]} {[%emt 00:00:08]} 48. Rxh6 {[%clk
00:01:31]} {[%emt 00:00:04]} Rxa4 {[%clk 00:00:16]} {[%emt 00:00:02]} 49. Rg6
{[%clk 00:01:31]} {[%emt 00:00:04]} Ra5 {[%clk 00:00:19]} {[%emt 00:00:02]} 50.
Kf3 {[%clk 00:01:32]} {[%emt 00:00:04]} Ra3+ {[%clk 00:00:14]} {[%emt
00:00:10]} 51. Kf2 {[%clk 00:01:21]} {[%emt 00:00:16]} Ra5 {[%clk 00:00:13]}
{[%emt 00:00:07]} 52. Kg1 {[%clk 00:01:02]} {[%emt 00:00:23]} Rd5 {[%clk
00:00:10]} {[%emt 00:00:08]} 53. Kh2 {[%clk 00:01:00]} {[%emt 00:00:07]} Ra5
{[%clk 00:00:12]} {[%emt 00:00:03]} 54. Rb6 {[%clk 00:00:59]} {[%emt 00:00:05]}
g4 {[%clk 00:00:08]} {[%emt 00:00:10]} 55. h6 {[%clk 00:01:03]} Kg8 {[%clk
00:00:11]} {[%emt 00:00:03]} 56. Rg6+ {[%clk 00:01:03]} {[%emt 00:00:05]} Kh7
57. Rxg4 {[%clk 00:01:06]} Kxh6 {[%clk 00:00:19]} 58. Rxf4 {[%clk 00:01:10]}
{[%emt 00:00:02]} Kg5 {[%clk 00:00:19]} {[%emt 00:00:05]} 59. Rb4 {[%clk
00:01:07]} {[%emt 00:00:06]} Ra3 {[%clk 00:00:16]} {[%emt 00:00:11]} 60. g3
{[%clk 00:01:09]} {[%emt 00:00:03]} Kf5 {[%clk 00:00:15]} {[%emt 00:00:05]} 61.
Kh3 {[%clk 00:01:11]} {[%emt 00:00:03]} Kg5 {[%clk 00:00:16]} {[%emt 00:00:05]}
62. Rb5+ {[%clk 00:01:14]} {[%emt 00:00:01]} Kg6 {[%clk 00:00:18]} {[%emt
00:00:03]} 63. Kh4 {[%clk 00:01:18]} {[%emt 00:00:01]} Ra6 {[%clk 00:00:15]}
{[%emt 00:00:09]} 64. g4 {[%clk 00:01:19]} {[%emt 00:00:03]} Rc6 {[%clk
00:00:10]} {[%emt 00:00:10]} 65. Rg5+ {[%clk 00:01:19]} {[%emt 00:00:04]} Kh6
{[%clk 00:00:10]} {[%emt 00:00:06]} 66. Rg8 {[%clk 00:01:18]} {[%emt 00:00:06]}
Kh7 {[%clk 00:00:11]} {[%emt 00:00:05]} 67. Rd8 {[%clk 00:01:20]} {[%emt
00:00:02]} Kg6 {[%clk 00:00:10]} {[%emt 00:00:05]} 68. Rg8+ {[%clk 00:01:14]}
{[%emt 00:00:12]} Kh7 {[%clk 00:00:12]} {[%emt 00:00:03]} 69. Rg5 {[%clk
00:01:15]} {[%emt 00:00:03]} Kh6 {[%clk 00:00:15]} {[%emt 00:00:03]} 1/2-1/2

[Event "World Youth & Cadets Rapid Championships"]
[Site "Rhodes, Greece"]
[Date "2022.05.01"]
[Round "4.19"]
[White "Mompel Ferruz, Xavier"]
[Black "Hartlinski, Tomasz"]
[Result "1/2-1/2"]
[TimeControl "10'/game & 5\"/move"]
[WhiteElo "1618"]
[BlackElo "1447"]

1. e4 {[%clk 00:10:08]} {[%emt 00:00:01]} c5 {[%clk 00:10:08]} {[%emt
00:00:02]} 2. Nf3 {[%clk 00:10:12]} {[%emt 00:00:01]} e6 {[%clk 00:10:12]}
{[%emt 00:00:01]} 3. d4 {[%clk 00:10:15]} {[%emt 00:00:01]} cxd4 {[%clk
00:10:16]} {[%emt 00:00:02]} 4. Nxd4 {[%clk 00:10:18]} {[%emt 00:00:02]} Nc6
{[%clk 00:10:20]} {[%emt 00:00:01]} 5. Nc3 {[%clk 00:10:21]} {[%emt 00:00:02]}
Qc7 {[%clk 00:10:23]} {[%emt 00:00:01]} 6. g3 {[%clk 00:10:23]} {[%emt
00:00:03]} a6 {[%clk 00:10:27]} {[%emt 00:00:01]} 7. Bg2 {[%clk 00:10:26]}
{[%emt 00:00:03]} b5 {[%clk 00:10:20]} {[%emt 00:00:12]} 8. O-O {[%clk
00:10:11]} {[%emt 00:00:19]} Bb7 {[%clk 00:10:22]} {[%emt 00:00:03]} 9. Re1
{[%clk 00:10:01]} {[%emt 00:00:15]} Nxd4 {[%clk 00:09:01]} {[%emt 00:01:27]} 10.
Qxd4 {[%clk 00:10:03]} {[%emt 00:00:03]} Ne7 {[%clk 00:08:56]} {[%emt
00:00:10]} 11. Bf4 {[%clk 00:09:43]} {[%emt 00:00:24]} Nc6 {[%clk 00:08:31]}
{[%emt 00:00:30]} 12. Qd2 {[%clk 00:09:02]} {[%emt 00:00:46]} d6 {[%clk
00:08:25]} {[%emt 00:00:12]} 13. Rad1 {[%clk 00:09:03]} {[%emt 00:00:03]} Rd8
{[%clk 00:08:28]} {[%emt 00:00:02]} 14. a3 {[%clk 00:08:30]} {[%emt 00:00:37]}
Be7 {[%clk 00:08:19]} {[%emt 00:00:16]} 15. Qe2 {[%clk 00:07:36]} {[%emt
00:00:58]} Ne5 {[%clk 00:07:50]} {[%emt 00:00:34]} 16. h3 {[%clk 00:06:27]}
{[%emt 00:01:14]} O-O {[%clk 00:07:47]} {[%emt 00:00:09]} 17. g4 {[%clk
00:06:18]} {[%emt 00:00:13]} Nc4 {[%clk 00:06:59]} {[%emt 00:00:53]} 18. Bc1
{[%clk 00:05:45]} {[%emt 00:00:38]} Nxa3 {[%clk 00:06:31]} {[%emt 00:00:34]} 19.
bxa3 {[%clk 00:05:47]} {[%emt 00:00:02]} Qxc3 {[%clk 00:06:35]} {[%emt
00:00:02]} 20. Rd3 {[%clk 00:05:46]} {[%emt 00:00:06]} Qc4 {[%clk 00:06:29]}
{[%emt 00:00:10]} 21. Bb2 {[%clk 00:05:24]} {[%emt 00:00:27]} e5 {[%clk
00:06:18]} {[%emt 00:00:16]} 22. Qd2 {[%clk 00:04:58]} {[%emt 00:00:30]} Rc8
{[%clk 00:05:03]} {[%emt 00:01:21]} 23. Re2 {[%clk 00:04:51]} {[%emt 00:00:12]}
Qe6 {[%clk 00:04:01]} {[%emt 00:01:08]} 24. g5 {[%clk 00:04:08]} {[%emt
00:00:48]} Rc4 {[%emt 00:00:39]} 25. c3 {[%clk 00:03:57]} {[%emt 00:00:15]} Qg6
{[%clk 00:03:27]} {[%emt 00:00:06]} 26. h4 {[%clk 00:02:50]} {[%emt 00:01:12]}
Bxe4 {[%clk 00:02:55]} {[%emt 00:00:37]} 27. Bxe4 {[%clk 00:01:58]} {[%emt
00:00:57]} Rxe4 {[%clk 00:02:59]} {[%emt 00:00:01]} 28. Rh3 {[%clk 00:02:01]}
{[%emt 00:00:02]} Rg4+ {[%clk 00:01:42]} {[%emt 00:01:22]} 29. Kf1 {[%clk
00:01:33]} {[%emt 00:00:32]} Qf5 {[%clk 00:01:27]} {[%emt 00:00:18]} 30. Ree3
{[%clk 00:01:30]} {[%emt 00:00:10]} d5 {[%clk 00:00:49]} {[%emt 00:00:43]} 31.
Bc1 {[%emt 00:00:55]} Bc5 {[%clk 00:00:34]} 32. Ref3 {[%clk 00:01:03]} {[%emt
00:00:03]} Rf4 {[%clk 00:00:38]} {[%emt 00:00:01]} 33. Qd1 {[%clk 00:00:43]}
{[%emt 00:00:25]} Rxf3 {[%clk 00:00:11]} {[%emt 00:00:31]} 34. Rxf3 {[%clk
00:00:46]} {[%emt 00:00:02]} Qe4 {[%clk 00:00:14]} {[%emt 00:00:02]} 35. Be3
{[%clk 00:00:18]} {[%emt 00:00:34]} Bxe3 {[%clk 00:00:10]} {[%emt 00:00:09]} 36.
fxe3 {[%clk 00:00:20]} {[%emt 00:00:02]} Qxh4 {[%clk 00:00:11]} {[%emt
00:00:05]} 37. Qxd5 {[%clk 00:00:21]} {[%emt 00:00:03]} Qxg5 {[%clk 00:00:11]}
{[%emt 00:00:06]} 38. e4 {[%clk 00:00:11]} {[%emt 00:00:15]} Qc1+ {[%clk
00:00:09]} {[%emt 00:00:06]} 39. Kg2 {[%clk 00:00:14]} {[%emt 00:00:02]} Qb2+
{[%clk 00:00:11]} {[%emt 00:00:04]} 40. Kg3 {[%clk 00:00:14]} {[%emt 00:00:04]}
Qxa3 {[%clk 00:00:09]} {[%emt 00:00:07]} 41. Qxe5 {[%clk 00:00:17]} {[%emt
00:00:02]} Qa5 {[%clk 00:00:10]} {[%emt 00:00:04]} 42. Qd5 {[%clk 00:00:11]}
{[%emt 00:00:12]} Qd8 {[%clk 00:00:14]} {[%emt 00:00:01]} 43. Qf5 {[%clk
00:00:12]} {[%emt 00:00:04]} Qc7+ {[%clk 00:00:17]} {[%emt 00:00:02]} 44. Kg2
{[%clk 00:00:15]} {[%emt 00:00:02]} a5 {[%emt 00:00:08]} 45. e5 {[%clk
00:00:19]} Qe7 {[%clk 00:00:16]} {[%emt 00:00:03]} 46. Rd3 {[%clk 00:00:13]}
{[%emt 00:00:10]} Rd8 {[%clk 00:00:14]} {[%emt 00:00:07]} 47. Rxd8+ {[%clk
00:00:11]} {[%emt 00:00:07]} Qxd8 {[%emt 00:00:01]} 48. Qe4 {[%clk 00:00:13]}
{[%emt 00:00:03]} h6 {[%clk 00:00:19]} {[%emt 00:00:05]} 49. e6 {[%clk
00:00:17]} {[%emt 00:00:01]} fxe6 {[%clk 00:00:18]} {[%emt 00:00:06]} 50. Qxe6+
{[%clk 00:00:20]} {[%emt 00:00:02]} Kh8 {[%clk 00:00:23]} 51. Qc6 {[%clk
00:00:19]} {[%emt 00:00:06]} b4 {[%clk 00:00:18]} {[%emt 00:00:10]} 52. cxb4
{[%clk 00:00:21]} {[%emt 00:00:03]} axb4 {[%clk 00:00:22]} 53. Qc4 {[%clk
00:00:23]} {[%emt 00:00:03]} Qd2+ {[%clk 00:00:22]} {[%emt 00:00:06]} 54. Kg1
{[%clk 00:00:22]} {[%emt 00:00:05]} Qe3+ {[%clk 00:00:25]} {[%emt 00:00:02]} 55.
Kg2 {[%clk 00:00:19]} {[%emt 00:00:07]} Qd2+ {[%clk 00:00:21]} {[%emt
00:00:11]} 56. Kf1 {[%clk 00:00:15]} {[%emt 00:00:08]} Qd1+ {[%clk 00:00:09]}
{[%emt 00:00:18]} 57. Kf2 {[%clk 00:00:15]} {[%emt 00:00:05]} Qd2+ {[%clk
00:00:12]} {[%emt 00:00:02]} 58. Kf1 {[%clk 00:00:18]} {[%emt 00:00:01]} Qd8
{[%clk 00:00:11]} {[%emt 00:00:07]} 59. Qxb4 {[%clk 00:00:19]} {[%emt
00:00:04]} Qf6+ {[%clk 00:00:14]} {[%emt 00:00:02]} 60. Kg2 {[%clk 00:00:21]}
{[%emt 00:00:02]} Kh7 {[%clk 00:00:17]} {[%emt 00:00:03]} 61. Qc4 {[%clk
00:00:18]} {[%emt 00:00:07]} h5 {[%clk 00:00:14]} {[%emt 00:00:09]} 62. Kg3
{[%clk 00:00:19]} {[%emt 00:00:04]} Qg5+ {[%clk 00:00:18]} {[%emt 00:00:01]} 63.
Kh3 {[%clk 00:00:20]} {[%emt 00:00:04]} Qe3+ {[%clk 00:00:08]} {[%emt
00:00:15]} 64. Kh4 {[%clk 00:00:18]} {[%emt 00:00:06]} Qf2+ {[%emt 00:00:09]}
65. Kxh5 {[%clk 00:00:13]} {[%emt 00:00:09]} Qf3+ {[%clk 00:00:10]} 66. Kh4
{[%clk 00:00:14]} {[%emt 00:00:03]} Qf6+ {[%clk 00:00:12]} {[%emt 00:00:03]} 67.
Kg3 {[%clk 00:00:17]} {[%emt 00:00:03]} Qg5+ {[%clk 00:00:16]} {[%emt
00:00:01]} 68. Kh3 {[%clk 00:00:17]} {[%emt 00:00:04]} g6 {[%clk 00:00:18]}
{[%emt 00:00:03]} 69. Qf7+ {[%clk 00:00:20]} {[%emt 00:00:02]} Kh6 {[%clk
00:00:23]} {[%emt 00:00:01]} 70. Qf8+ {[%clk 00:00:15]} {[%emt 00:00:10]} Kh7
{[%clk 00:00:13]} {[%emt 00:00:15]} 1/2-1/2